<?xml version="1.0" encoding="UTF-8"?>
<marc:record xmlns:marc="http://www.loc.gov/MARC21/slim">
   <marc:leader>00000nam a2200000 a 4500</marc:leader>
   <marc:datafield ind1="1" ind2=" " tag="100">
      <marc:subfield code="a">Nordland, Nele</marc:subfield>
      <marc:subfield code="4">aut</marc:subfield>
      <marc:subfield code="e">Verfasser/-in</marc:subfield>
   </marc:datafield>
   <marc:datafield ind1="0" ind2="0" tag="245">
      <marc:subfield code="a">Soko Sylt</marc:subfield>
   </marc:datafield>
   <marc:datafield ind1="0" ind2="0" tag="245">
      <marc:subfield code="b">Tödliche Wellen</marc:subfield>
   </marc:datafield>
   <marc:datafield ind1=" " ind2="1" tag="264">
      <marc:subfield code="b">Amazon Fulfillment</marc:subfield>
      <marc:subfield code="c">2024</marc:subfield>
   </marc:datafield>
   <marc:datafield ind1="1" ind2=" " tag="490">
      <marc:subfield code="a">Berger &amp; Claasen ermitteln</marc:subfield>
   </marc:datafield>
   <marc:datafield ind1="1" ind2=" " tag="520">
      <marc:subfield code="a">Ein rätselhafter Todesfall erschüttert die idyllische Nordseeinsel Sylt. Hauptkommissarin Lena Berger, frisch aus Berlin versetzt, muss sich nicht nur in ihrem neuen Team beweisen, sondern auch den rätselhaften Tod eines Kitesurfers aufklären. Was zunächst wie ein tragischer Unfall aussieht, entpuppt sich schnell als Teil einer dunklen Verschwörung, die weit in die Vergangenheit zurückreicht und die ganze Insel in Aufruhr versetzt.  Gemeinsam mit dem einheimischen Oberkommissar Malte Claasen navigiert Lena durch ein Netz aus Intrigen, Geheimnissen und Verrat. Dabei muss sie nicht nur ihre Fähigkeiten als Ermittlerin unter Beweis stellen, sondern auch lernen, den Eigenheiten und der verschworenen Gemeinschaft der Sylter zu trotzen.</marc:subfield>
   </marc:datafield>
   <marc:datafield ind1=" " ind2=" " tag="020">
      <marc:subfield code="a">9798329945751</marc:subfield>
      <marc:subfield code="9">9798329945751</marc:subfield>
   </marc:datafield>
</marc:record>
